| 000 | 00499nam a2200181Ia 4500 | ||
|---|---|---|---|
| 001 | 62626 | ||
| 008 | 171208n ii |||gr||||Z||||||465 | ||
| 020 | _a978-81-81567-72-1 | ||
| 082 | _a910.133 | ||
| 100 |
_aGuha, J.L., _eAuthor. |
||
| 245 | 0 |
_aA New Approach to Economic Geography _cJ.L.Guha & P.R.Chattoraj _hTextual Documents |
|
| 250 | _aIst ed - 1963. | ||
| 260 |
_aCalcutta _bWorld Press |
||
| 300 |
_a605p: _c24cm. |
||
| 653 | _aEconomic Geography | ||
| 653 | _aG - Geog | ||
| 942 |
_2ddc _cBK |
||
| 999 |
_c63733 _d63733 |
||